Finish the Lyric - Ordinary by Alex Warren - Statistics

General Stats
  • This quiz has been taken 229 times
    227 since last reset
  • The average score is 12 of 23
Answer Stats
Lyrics % Correct
And this {town}'s lost its faith
88%
{day} after {day}
79%
I take one {look} at you
79%
Somethin' so out of the {ordinary}
78%
You're takin' me out of the {ordinary}
78%
Our {colors} will fade eventually"
75%
They say, "The {holy water}'s watered down
68%
You got me kissin' the ground of your {sanctuary}
56%
On this side of {Heaven}'s gate
54%
I want you layin' me down 'til we're {dead} and {buried}
49%
I thought you had to {die} to find
45%
On the edge of your {knife}, stayin' drunk on your {vine}
45%
The {angels} up in the clouds are {jealous}, knowin' we found
45%
So if our time is {runnin' out}
44%
Hopeless {hallelujah}
42%
Shatter me with your {touch}, oh Lord, return me to {dust}
42%
{breathe} and take my breath away?
41%
{Whenever} you're next to me, oh my, my
40%
World was in {black} and {white} until I saw your light
40%
Somethin' so heavenly, higher than {ecstasy}
38%
We'll make the {mundane} our {masterpiece}
38%
You're the {sculptor}, I'm the clay
36%
At your {altar}, I will pray
35%
No matching quizzes found
Score Distribution
Percent of People with Each Score
Percentile by Number Answered
Your Score History
You have not taken this quiz since the last reset